Statistiques concernant Trouve les paroles : Lyna Mahyem - Demain

Cliquez ici pour prendre le quiz!

Statistiques générales

  • Ce quiz a été pris 28 fois
  • Le résultat moyen est 242 sur 392

Statistiques - réponses

Paroles% Correct
de
100%
ma
100%
Tu
96%
tu
96%
demain
92%
"Je
92%
je
92%
me
92%
a
88%
à
88%
A
88%
il
88%
pas
88%
pas?
88%
pas,
88%
si
88%
Si
88%
Et
84%
et
84%
le
84%
sera
84%
meilleur
80%
on
80%
ça
76%
des
76%
76%
plus
76%
toi
76%
"toi
76%
au
72%
ces
72%
moi
72%
moi)
72%
ne
72%
que
72%
comme
68%
va,
68%
va
68%
veux
68%
Y
68%
C'est
64%
c'est
64%
en
64%
fort
64%
joue
64%
m'aimes,
64%
mais
64%
Mais
64%
nous
64%
part
64%
part?
64%
bas,
60%
fais?
60%
hauts
60%
savoir
60%
trouvé
60%
Dis-moi
56%
les
56%
partir
56%
qui
56%
quoi
56%
autres
52%
Celui
52%
dire
52%
ira?
52%
-J'veux
52%
la
52%
52%
l'or
52%
s'ra
52%
t'aime"
52%
un
52%
vas?
52%
vaut
52%
caractère
48%
ceux
48%
coeur
48%
d'abord"
48%
enfin
48%
faire?
48%
gens,
48%
J'ai
48%
j'peux
48%
J'te
48%
j'te
48%
(J'te
48%
jugent
48%
mignons,
48%
mon
48%
parole
48%
pour
48%
batailler,
44%
Batailler,
44%
cherchais,
44%
c'que
44%
dise
44%
est
44%
j'l'ai
44%
lionne
44%
qu'est
44%
tant
44%
tort
44%
trouvent
44%
alors
40%
Alors
40%
d'années
40%
d'me
40%
fait
40%
j'crois
40%
p't-être
40%
répondrai
40%
réponds
40%
ressens
40%
sert?
40%
T'as
40%
t'écoutes
40%
années,
36%
Années
36%
quand
36%
Quand
36%
son
36%
Besoin
32%
Bonne
32%
dans
32%
d'arrêts
32%
qu'j'te
32%
suis
32%
tête
32%
toujours
32%
trouvés,
32%
f'sait
28%
n'veux
28%
Pareil,
28%
pareil
28%
réfugiée
28%
survet'
28%
voir
28%
bien
24%
c'qu'on
24%
demande
24%
d'm'évader,
24%
durer
24%
j'me
24%
l'montre
24%
lui
24%
Même
24%
parlé,
24%
parlé
24%
préfère
24%
prend
24%
s'est
24%
délire
20%
Parce
20%
question,
20%
iras,
16%
iras
16%
j's'rai
16%
l'dis
16%
montre
16%
c'tu
12%
laisserai
12%
m'regarde,
12%
parc'que
4%
trpuvé
0%

Distribution des résultats

Percentile par nombre de réponses

% des personnes avec chaque résultat

Votre développement - résultats

Vous n’avez pas pris ce quiz